Lachit Barphukan (Record no. 4836)

MARC details
000 -LEADER
fixed length control field 00477cam a2200193ua 4500
001 - CONTROL NUMBER
control field 5681
005 - DATE AND TIME OF LATEST TRANSACTION
control field 20260515113924.0
008 - FIXED-LENGTH DATA ELEMENTS--GENERAL INFORMATION
fixed length control field 131028n ii |||gr||||Z||||||asm
040 ## - CATALOGING SOURCE
Transcribing agency MAIN
082 ## - DEWEY DECIMAL CLASSIFICATION NUMBER
Classification number 954.162
245 ## - TITLE STATEMENT
Title Lachit Barphukan
Statement of responsibility, etc. By Suryakumar Bhuyan
250 ## - EDITION STATEMENT
Edition statement 6th ed.
260 ## - PUBLICATION, DISTRIBUTION, ETC.
Place of publication, distribution, etc. Guwahati:
Name of publisher, distributor, etc. Publication Board Assam,
Date of publication, distribution, etc. 2006.
300 ## - PHYSICAL DESCRIPTION
Extent x,198p.
653 ## - INDEX TERM--UNCONTROLLED
Uncontrolled term History
653 ## - INDEX TERM--UNCONTROLLED
Uncontrolled term Lachit Barphukan
700 ## - ADDED ENTRY--PERSONAL NAME
Personal name Bhuyan,Suryakumar,
Relator term Author.
942 ## - ADDED ENTRY ELEMENTS (KOHA)
Koha item type Books
Holdings
Withdrawn status Lost status Damaged status Not for loan Home library Current library Shelving location Date acquired Total checkouts Full call number Barcode Date last seen Date last checked out Copy number Price effective from Koha item type
        Naharkatiya College Library Naharkatiya College Library General stacks 09/19/2020 5 954.162 | BHU 17272 12/07/2022 11/22/2022 2 09/19/2020 Books
        Naharkatiya College Library Naharkatiya College Library General stacks 09/19/2020 2 954.162 | BHU 18854 11/21/2022 11/18/2022 1 09/19/2020 Books